Možnosti podpory pre MSP pri začatí a rozvoji podnikania bakalárska práca

Gespeichert in:
Bibliographische Detailangaben
1. Verfasser: Kročková, Laura
Körperschaft: Fakulta podnikového manažmentu EU. Katedra podnikovohospodárska
Weitere Verfasser: Bukovová, Sylvia, 1959-
Format: Buch
Sprache:Slowakisch
Veröffentlicht: Bratislava 2024
Tags: Tag hinzufügen
Keine Tags, Fügen Sie das erste Tag hinzu!

MARC

LEADER 00000nbm a2200000 4500
001 0302007
005 20250206091839.8
041 0 |a slo 
044 |a SK 
245 1 0 |a Možnosti podpory pre MSP pri začatí a rozvoji podnikania  |b bakalárska práca  |c Laura Kročková ; školiteľ: Sylvia Bukovová 
264 1 |a Bratislava  |c 2024 
300 |a 59 s. 
100 1 |a Kročková, Laura 
700 1 |a Bukovová, Sylvia, 1959- 
710 2 |a Fakulta podnikového manažmentu EU. Katedra podnikovohospodárska